000 00446nmm a2200145Ia 4500
008 251105s9999||||xx |||||||||||||||||und||
041 _aspa
100 _aDe La Luna Valero, Luís
245 0 _aEl león de Cartago :
_b Trilogía El León de Cartago 1
264 _a[Madrid, España] :
_bEdiciones B,
_c2014
300 _a368 páginas
650 _aHistorical fiction
856 _uhttps://public.digitaliapublishing.com/a/53917
942 _cCF
999 _c104859
_d104859